[Event "TUR-chT 2nd League"]
[Site "Konya"]
[Date "2022.08.23"]
[Round "3.14"]
[White "Kavri, Yusuf Eren"]
[Black "Cetinkaya, Umut Can"]
[Result "1-0"]
[WhiteElo "1965"]
[BlackElo "1764"]
[PlyCount "61"]
[EventDate "2022.08.22"]
[EventType "team-swiss"]
[EventRounds "9"]
[EventCountry "TUR"]
[SourceTitle "CBM 210 Extra"]
[Source "ChessBase"]
[SourceDate "2022.11.30"]
[SourceVersion "1"]
[SourceVersionDate "2022.11.30"]
[SourceQuality "1"]
[WhiteTeam "Samsun Gercek"]
[BlackTeam "Denizli Ihtisas"]
[WhiteTeamCountry "TUR"]
[BlackTeamCountry "TUR"]

1. d4 Nf6 2. c4 e6 3. Nc3 Bb4 4. Nf3 b6 5. Bg5 h6 6. Bh4 g5 7. Bg3 Bb7 8. e3 Ne4 9. Qc2 Bxc3+ 10. bxc3 d6 11. Bd3 f5 12. d5 exd5 13. cxd5 Bxd5 14. Nd4 Qf6 15. Nxf5 Qxf5 16. f3 Bc6 17. fxe4 Qe6 18. e5 0-0 19. 0-0-0 d5 20. h4 g4 21. Rhf1 Nd7 22. Bf5 Qe7 23. Bxg4 Nxe5 24. Bxe5 Qxe5 25. Qg6+ Qg7 26. Qe6+ Kh8 27. Qxc6 Qxg4 28. Qxh6+ Kg8 29. Qc6 Qe2 30. Qxd5+ Kh8 31. Rf3 1-0

[Event "TUR-ch Youth"]
[Site "Denizli"]
[Date "2022.05.29"]
[Round "9"]
[White "Egeli, Sercan Veli"]
[Black "Cetinkaya, Umut Can"]
[Result "1-0"]
[WhiteElo "1582"]
[BlackElo "1786"]
[PlyCount "153"]
[EventDate "2022.05.24"]
[EventType "swiss"]
[EventRounds "9"]
[EventCountry "TUR"]
[SourceTitle "EXT 2023"]
[Source "ChessBase"]
[SourceDate "2022.10.05"]
[SourceVersion "1"]
[SourceVersionDate "2022.10.05"]
[SourceQuality "1"]

1. e4 c5 2. Nf3 d6 3. c3 Nf6 4. Be2 e6 5. 0-0 Be7 6. Bb5+ Nbd7 7. Re1 0-0 8. d4 cxd4 9. cxd4 a6 10. Bd3 e5 11. Nc3 b5 12. a3 h6 13. Bc2 Qc7 14. dxe5 dxe5 15. Nh4 Rd8 16. Qf3 Nc5 17. Nf5 Bxf5 18. Qxf5 Ne6 19. Nd5 Rxd5 20. exd5 Nd4 21. Qxe5 Qxe5 22. Rxe5 Nxc2 23. Rb1 Bd6 24. Re2 Nd4 25. Rd2 Re8 26. Kf1 Nb3 27. Rd3 Nc5 28. Rd1 Ng4 29. h3 Nf6 30. Be3 Nb3 31. Bb6 Ne4 32. Be3 f5 33. Rd3 Na5 34. b3 Bxa3 35. Ra1 b4 36. d6 Nxd6 37. Rxd6 Nxb3 38. Rb1 Na5 39. Rxa6 Nc4 40. Rb3 Re4 41. g3 Re5 42. Rc6 Na5 43. Rc8+ Kh7 44. Rb1 Rb5 45. Bc5 Nc4 46. Be3 Nxe3+ 47. fxe3 g5 48. Rc6 Rb7 49. Ke2 Rd7 50. Rf6 Rd5 51. g4 fxg4 52. hxg4 Kg7 53. Rb6 Rc5 54. Rh1 Rc2+ 55. Kd3 Rc3+ 56. Kd2 Rc4 57. Rhxh6 Bc1+ 58. Kd1 Bxe3 59. Rhg6+ Kh7 60. Rh6+ Kg7 61. Rbg6+ Kf7 62. Ra6 b3 63. Rh7+ Kg8 64. Rb7 Rc8 65. Rxb3 Bf4 66. Rb7 Rf8 67. Rg6+ Kh8 68. Ke2 Re8+ 69. Kd3 Bc1 70. Kd4 Be3+ 71. Kd5 Bf4 72. Re6 Rd8+ 73. Ke4 Bd2 74. Kf5 Rf8+ 75. Kg6 Rg8+ 76. Kh6 Rd8 77. Rg6 1-0

[Event "TUR-ch Youth"]
[Site "Denizli"]
[Date "2022.05.28"]
[Round "7"]
[White "Karatas, Mehmet Salih"]
[Black "Cetinkaya, Umut Can"]
[Result "0-1"]
[WhiteElo "1445"]
[BlackElo "1786"]
[PlyCount "76"]
[EventDate "2022.05.24"]
[EventType "swiss"]
[EventRounds "9"]
[EventCountry "TUR"]
[SourceTitle "EXT 2023"]
[Source "ChessBase"]
[SourceDate "2022.10.05"]
[SourceVersion "1"]
[SourceVersionDate "2022.10.05"]
[SourceQuality "1"]

1. e4 c5 2. Nf3 d6 3. Bb5+ Nd7 4. 0-0 Ngf6 5. Qe2 a6 6. Bxd7+ Qxd7 7. c3 e6 8. d4 cxd4 9. cxd4 b5 10. a3 Bb7 11. Nc3 Be7 12. Rd1 0-0 13. Bg5 Rac8 14. Bxf6 Bxf6 15. e5 Be7 16. d5 Rxc3 17. exd6 Bxd6 18. dxe6 fxe6 19. bxc3 Bd5 20. Rd4 Qc7 21. Qd3 Rf5 22. Qxf5 exf5 23. Rxd5 Qxc3 24. Re1 Qxa3 25. Rxf5 h6 26. Rd5 Bb4 27. Red1 Bc3 28. Rd8+ Kh7 29. h4 b4 30. h5 Bf6 31. Rb8 b3 32. Re1 b2 33. Ree8 g5 34. Rb7+ Bg7 35. Nd2 Qd3 36. Ree7 Qxd2 37. Rxg7+ Kh8 38. Rgd7 Qxd7 0-1

[Event "TUR-chT 2nd League"]
[Site "Konya"]
[Date "2019.07.25"]
[Round "5.8"]
[White "Akkus, Suat"]
[Black "Cetinkaya, Umut Can"]
[Result "0-1"]
[WhiteElo "1970"]
[BlackElo "1639"]
[PlyCount "81"]
[EventDate "2019.07.22"]
[EventType "team-swiss"]
[EventRounds "9"]
[EventCountry "TUR"]
[SourceTitle "CBM 191 Extra"]
[Source "ChessBase"]
[SourceDate "2019.09.30"]
[SourceVersion "1"]
[SourceVersionDate "2019.09.30"]
[SourceQuality "1"]
[WhiteTeam "Ceylanpinar Genclik"]
[BlackTeam "Denizli Ihtisas"]
[WhiteTeamCountry "TUR"]
[BlackTeamCountry "TUR"]

1. d4 Nf6 2. c4 c5 3. d5 b5 4. cxb5 a6 5. e3 axb5 6. Bxb5 Qa5+ 7. Nc3 Ba6 8. Bxa6 Qxa6 9. Nge2 g6 10. 0-0 Bg7 11. a4 d6 12. Nb5 Qb7 13. Ra3 0-0 14. Nec3 Na6 15. e4 Nd7 16. Qe2 Nb4 17. Bg5 Rfe8 18. Rfa1 Ra5 19. h4 Nb6 20. Be3 Rea8 21. h5 Rc8 22. hxg6 hxg6 23. g3 Qd7 24. Kg2 f5 25. f3 Rca8 26. b3 Rc8 27. Rc1 Kf7 28. Na2 Nxa2 29. Rxa2 Rh8 30. Rh1 Rxh1 31. Kxh1 fxe4 32. fxe4 Qh3+ 33. Kg1 Qxg3+ 34. Kf1 Kg8 35. Qf2 Qh3+ 36. Ke2 Ra8 37. Qg1 Rf8 38. Kd3 Qf3 39. Qg2 Qd1+ 40. Qd2 Qxb3+ 41. Ke2 0-1

[Event "TUR-chT 2nd League"]
[Site "Konya"]
[Date "2019.07.25"]
[Round "6.6"]
[White "Cetinkaya, Umut Can"]
[Black "Demirag, Batuhan"]
[Result "1-0"]
[WhiteElo "1639"]
[BlackElo "1939"]
[PlyCount "78"]
[EventDate "2019.07.22"]
[EventType "team-swiss"]
[EventRounds "9"]
[EventCountry "TUR"]
[SourceTitle "CBM 191 Extra"]
[Source "ChessBase"]
[SourceDate "2019.09.30"]
[SourceVersion "1"]
[SourceVersionDate "2019.09.30"]
[SourceQuality "1"]
[WhiteTeam "Denizli Ihtisas"]
[BlackTeam "Mugla Ortaca Belediye"]
[WhiteTeamCountry "TUR"]
[BlackTeamCountry "TUR"]

1. e4 c5 2. Nf3 Nc6 3. c3 d5 4. exd5 Qxd5 5. d4 cxd4 6. cxd4 e6 7. Nc3 Qa5 8. Be2 Nf6 9. 0-0 Be7 10. h3 0-0 11. Be3 Nb4 12. Qd2 Qd8 13. Rac1 a6 14. Ne5 Nbd5 15. Nxd5 Nxd5 16. a3 Bd7 17. Bd3 Ba4 18. Bb1 f5 19. f4 Qb6 20. Rfe1 Bh4 21. Re2 Bb5 22. Bd3 Rac8 23. Rc5 Rfd8 24. Bxb5 axb5 25. Qd3 b4 26. Rec2 bxa3 27. bxa3 Qb1+ 28. Kh2 Ra8 29. Bc1 Bf6 30. Rb5 Qa1 31. Rxb7 Rac8 32. Nd7 Re8 33. Nxf6+ Nxf6 34. Bb2 Qa2 35. d5 Rxc2 36. Qxc2 Qxd5 37. Bxf6 Qxb7 38. Be5 h6 39. Bc7 h5 1-0

[Event "TUR-chT 2nd League"]
[Site "Konya"]
[Date "2019.07.23"]
[Round "2.4"]
[White "Cetinkaya, Umut Can"]
[Black "Turkmen, Yusuf Cagan"]
[Result "1/2-1/2"]
[WhiteElo "1639"]
[BlackElo "1796"]
[PlyCount "119"]
[EventDate "2019.07.22"]
[EventType "team-swiss"]
[EventRounds "9"]
[EventCountry "TUR"]
[SourceTitle "CBM 191 Extra"]
[Source "ChessBase"]
[SourceDate "2019.09.30"]
[SourceVersion "1"]
[SourceVersionDate "2019.09.30"]
[SourceQuality "1"]
[WhiteTeam "Denizli Ihtisas"]
[BlackTeam "Seyhan Belediye"]
[WhiteTeamCountry "TUR"]
[BlackTeamCountry "TUR"]

1. e4 c5 2. Nf3 e6 3. c4 Nc6 4. d4 cxd4 5. Nxd4 Nxd4 6. Qxd4 Ne7 7. Nc3 Nc6 8. Qd3 Qc7 9. Nb5 Qb8 10. Be2 Be7 11. 0-0 a6 12. Nc3 Ne5 13. Qg3 Ng6 14. Qxb8 Rxb8 15. Be3 d6 16. Na4 Bd7 17. Nb6 Bc6 18. f3 a5 19. a3 a4 20. Bd1 Ne5 21. Bxa4 Bxa4 22. Nxa4 Nxc4 23. Bf2 b5 24. Nc3 0-0 25. b3 Ne5 26. Rfd1 Rfc8 27. Rac1 Bg5 28. Rc2 Rc6 29. h4 Bf6 30. Bd4 Rbc8 31. Rcc1 Bxh4 32. f4 Ng6 33. Ne2 Rxc1 34. Rxc1 Rxc1+ 35. Nxc1 Nxf4 36. a4 bxa4 37. bxa4 Bd8 38. Kf2 Kf8 39. g3 Ng6 40. Nb3 Ne7 41. a5 Nc8 42. Ke2 Bc7 43. Kd3 d5 44. exd5 exd5 45. Bc5+ Ke8 46. a6 Bb6 47. Kd4 Kd7 48. Kxd5 Bxc5 49. Kxc5 Kc7 50. Nd4 Na7 51. Nf5 g6 52. Nd6 f5 53. Ne8+ Kb8 54. Nf6 h5 55. Kd6 Nb5+ 56. Ke5 Nc3 57. Kf4 Ne2+ 58. Kf3 Nd4+ 59. Kf4 Nc6 60. Nxh5 1/2-1/2

[Event "Troya op 26th"]
[Site "Canakkale"]
[Date "2018.08.09"]
[Round "7"]
[White "Guralp, Ozgur Ozan"]
[Black "Cetinkaya, Umut Can"]
[Result "1/2-1/2"]
[WhiteElo "1418"]
[BlackElo "1593"]
[PlyCount "60"]
[EventDate "2018.08.06"]
[EventType "swiss"]
[EventRounds "9"]
[EventCountry "TUR"]
[SourceTitle "EXT 2019"]
[Source "ChessBase"]
[SourceDate "2018.10.10"]
[SourceVersion "1"]
[SourceVersionDate "2018.10.10"]
[SourceQuality "1"]

1. d4 Nf6 2. c4 e6 3. Nc3 Bb4 4. Qc2 b6 5. Nf3 Bb7 6. a3 Bxc3+ 7. Qxc3 Ne4 8. Qc2 d6 9. g3 Nd7 10. Bg2 Nef6 11. 0-0 0-0 12. b4 Qe7 13. Rd1 Rfd8 14. Bb2 c5 15. dxc5 dxc5 16. b5 Be4 17. Qc3 Ne8 18. a4 a5 19. Rac1 Bb7 20. Ra1 f6 21. Qc2 Nd6 22. Nd2 Bxg2 23. Kxg2 Nf8 24. Kg1 Qb7 25. Rac1 Rd7 26. Nf3 Rad8 27. Rd2 Ne4 28. Rxd7 Rxd7 29. Rd1 Rxd1+ 30. Qxd1 Qd7 1/2-1/2

[Event "TUR-chT 2nd League"]
[Site "Konya"]
[Date "2018.07.19"]
[Round "6.7"]
[White "Cetinkaya, Umut Can"]
[Black "Managadze, Nikoloz"]
[Result "0-1"]
[WhiteElo "1654"]
[BlackElo "2447"]
[PlyCount "48"]
[EventDate "2018.07.16"]
[EventType "team-swiss"]
[EventRounds "9"]
[EventCountry "TUR"]
[SourceTitle "EXT 2019"]
[Source "ChessBase"]
[SourceDate "2018.10.10"]
[SourceVersion "1"]
[SourceVersionDate "2018.10.10"]
[SourceQuality "1"]
[WhiteTeam "Denizli Ihtisas"]
[BlackTeam "Yalova Altinkale"]
[WhiteTeamCountry "TUR"]
[BlackTeamCountry "TUR"]

1. e4 c5 2. Nc3 Nc6 3. f4 g6 4. Bb5 Bg7 5. Bxc6 bxc6 6. Nf3 d6 7. 0-0 Nf6 8. d3 Rb8 9. Qe1 0-0 10. Qh4 Bg4 11. e5 Bxf3 12. Rxf3 dxe5 13. fxe5 Rb4 14. Qe1 Ng4 15. a3 Rb8 16. e6 Qd6 17. g3 fxe6 18. Rxf8+ Rxf8 19. Ne4 Qd5 20. Qe2 Bd4+ 21. Kh1 Qh5 22. Be3 Bxe3 23. Qg2 Nf2+ 24. Nxf2 Rxf2 0-1

[Event "TUR-chT 2nd League"]
[Site "Konya"]
[Date "2018.07.17"]
[Round "3.4"]
[White "Cetinkaya, Umut Can"]
[Black "Aydogdu, Cagatay"]
[Result "0-1"]
[WhiteElo "1654"]
[BlackElo "1722"]
[PlyCount "96"]
[EventDate "2018.07.16"]
[EventType "team-swiss"]
[EventRounds "9"]
[EventCountry "TUR"]
[SourceTitle "EXT 2019"]
[Source "ChessBase"]
[SourceDate "2018.10.10"]
[SourceVersion "1"]
[SourceVersionDate "2018.10.10"]
[SourceQuality "1"]
[WhiteTeam "Denizli Ihtisas"]
[BlackTeam "Marmara Universitesi"]
[WhiteTeamCountry "TUR"]
[BlackTeamCountry "TUR"]

1. e4 g6 2. Nc3 Bg7 3. f4 c6 4. Nf3 d5 5. d3 Bg4 6. Be2 Bxc3+ 7. bxc3 dxe4 8. dxe4 Qxd1+ 9. Bxd1 Nf6 10. e5 Nd5 11. Bd2 Nd7 12. h3 Bxf3 13. Bxf3 N7b6 14. Be2 e6 15. c4 Ne7 16. g4 0-0-0 17. Be3 Na4 18. Bd3 c5 19. Rb1 Nc6 20. 0-0 Nb4 21. Rb3 a6 22. Be4 b6 23. Ra1 Kc7 24. a3 Nc6 25. Bxc6 Kxc6 26. Rab1 h5 27. g5 Rd7 28. Kf2 Rhd8 29. Ke1 Rb7 30. h4 b5 31. cxb5+ axb5 32. c4 Rdb8 33. Rd3 bxc4 34. Rd6+ Kc7 35. Rbd1 Nc3 36. Rd7+ Kc6 37. R1d6+ Kb5 38. Rd2 Ka4 39. Rxb7 Rxb7 40. Rc2 Rb1+ 41. Kf2 Kb3 42. Rd2 Ne4+ 43. Ke2 Nxd2 44. Kxd2 c3+ 45. Kd3 c4+ 46. Kd4 Re1 47. Bf2 Re2 48. Bg1 c2 0-1

[Event "TUR-chT 2nd League"]
[Site "Konya"]
[Date "2018.07.17"]
[Round "2.5"]
[White "Zor, Alber Kadir"]
[Black "Cetinkaya, Umut Can"]
[Result "1-0"]
[WhiteElo "2158"]
[BlackElo "1654"]
[PlyCount "59"]
[EventDate "2018.07.16"]
[EventType "team-swiss"]
[EventRounds "9"]
[EventCountry "TUR"]
[SourceTitle "EXT 2019"]
[Source "ChessBase"]
[SourceDate "2018.10.10"]
[SourceVersion "1"]
[SourceVersionDate "2018.10.10"]
[SourceQuality "1"]
[WhiteTeam "Koroglu Dernegi"]
[BlackTeam "Denizli Ihtisas"]
[WhiteTeamCountry "TUR"]
[BlackTeamCountry "TUR"]

1. d4 Nf6 2. Nf3 e6 3. Bf4 b6 4. e3 Bb7 5. h3 Be7 6. Bd3 Ne4 7. Nbd2 f5 8. Ne5 0-0 9. Bxe4 fxe4 10. Qg4 Rf5 11. f3 d5 12. 0-0-0 Nd7 13. h4 Nf6 14. Qh3 Nd7 15. g4 Rf6 16. g5 Rf5 17. Nf1 Nxe5 18. Bxe5 Rxf3 19. Qxe6+ Rf7 20. g6 hxg6 21. Qxg6 Bf6 22. Ng3 Qd7 23. Rhg1 Raf8 24. Nh5 Bxe5 25. dxe5 Qe7 26. e6 Rf2 27. Nxg7 Rxc2+ 28. Kxc2 Rf2+ 29. Kb1 Rxb2+ 30. Ka1 1-0

[Event "TUR-chT 2nd League"]
[Site "Konya"]
[Date "2017.07.22"]
[Round "8.10"]
[White "Akgul, Emre Ramazan"]
[Black "Cetinkaya, Umut Can"]
[Result "1/2-1/2"]
[WhiteElo "1615"]
[BlackElo "1584"]
[PlyCount "55"]
[EventDate "2017.07.17"]
[EventType "team-swiss"]
[EventRounds "9"]
[EventCountry "TUR"]
[SourceTitle "CBM 179 Extra"]
[Source "ChessBase"]
[SourceDate "2017.08.23"]
[SourceVersion "1"]
[SourceVersionDate "2017.08.23"]
[SourceQuality "1"]
[WhiteTeam "Gaziante Seviye"]
[BlackTeam "Denizli Ihtisas"]
[WhiteTeamCountry "TUR"]
[BlackTeamCountry "TUR"]

1. Nf3 Nf6 2. d4 e6 3. Bg5 Be7 4. Nbd2 d5 5. e3 Nbd7 6. Bd3 c5 7. c3 0-0 8. Bxf6 Nxf6 9. Ne5 Rb8 10. 0-0 Qc7 11. f4 b5 12. Qe1 c4 13. Bc2 b4 14. g4 bxc3 15. bxc3 Rb2 16. Qd1 Qa5 17. Nb1 Qb6 18. g5 Nd7 19. h4 f5 20. gxf6 Nxf6 21. h5 Bd7 22. Rf2 Be8 23. Rh2 Bxh5 24. Qd2 Rb8 25. Qg2 Be8 26. Qg5 Qd8 27. Qh4 h6 28. Rg2 1/2-1/2